| 000 | 00605nam a22001812 4500 | ||
|---|---|---|---|
| 001 | 0000019917 | ||
| 005 | 20151217161159.0 | ||
| 008 | 110311s xx 000 0 eng d | ||
| 040 |
_aKABU _cKABU |
||
| 245 | 1 | 0 | _a1996 Kenya up-country directory containing the names of some of the expartriates of European origin who lived and worked in up-country Kenya. |
| 250 | _a1st ed. | ||
| 260 |
_aKenya : _bTunnel technology limited, _c1996. |
||
| 300 | _a48 p. | ||
| 650 | 0 |
_aKenya _xDirectories. _@0000179909 |
|
| 908 | _a110311 | ||
| 950 | _@1 | ||
| 999 |
_c15220 _d15220 |
||